| 000 | 01077nam a2200325Ia 4500 | ||
|---|---|---|---|
| 003 | OSt | ||
| 005 | 20221006155122.0 | ||
| 006 | a|||||r|||| 00| 0 | ||
| 007 | ta | ||
| 008 | 221006b |||||||| |||| 00| 0 eng d | ||
| 020 |
_a9780226703886 _c¥5967 |
||
| 024 | _a40,414 | ||
| 037 |
_bGift, Japan Foundation _cTextual |
||
| 040 |
_aEASL _cEASL _beng |
||
| 041 |
_2eng _aeng |
||
| 082 | _aZ42,8,11, P3 | ||
| 100 |
_aRamseyer J Mark _918524 |
||
| 245 | 0 |
_aMeasuring judicial independence _b The political economy of judging in Japan |
|
| 260 |
_aChicago _bThe University of Chicago Press _c2003 |
||
| 300 |
_a224p. _ccm. |
||
| 490 |
_v JEL _aStudies in Law and Economic |
||
| 650 |
_a Courts - Japan _9668401 |
||
| 650 |
_a Judges - Japan _9668402 |
||
| 650 |
_a Judicial process - Japan _9668403 |
||
| 650 |
_a Political questions and judicial power - Japan _9668404 |
||
| 650 | _aJEL | ||
| 700 |
_a Rasmusen Eric B _9668405 |
||
| 942 |
_hZ42,8,11, P3 _cTEXL _2CC |
||
| 999 |
_c1108500 _d1108500 |
||